| 000 | 00606nam a2200217Ia 4500 | ||
|---|---|---|---|
| 003 | GCL | ||
| 008 | 140319s9999 xx 000 0 ara d | ||
| 040 |
_aGCL / _cGCL |
||
| 082 | 0 | 4 |
_a709.03 _bص ف |
| 100 | 1 | _aصبحى الشارونى | |
| 245 | 1 | 0 |
_aالفنون التشكيلية / _cصبحى الشارونى |
| 300 | _a127 ص | ||
| 490 |
_aكتابات معاصرة _v0 |
||
| 650 | 0 | 4 | _aالفولكلور |
| 650 | 0 | 4 | _aالفنون الجميلة |
| 650 | 0 | 4 | _aالنحت |
| 650 | 0 | 4 | _aالفنون التشكيلية |
| 650 | 0 | 4 | _aالتصوير |
| 650 | 0 | 4 | _aالحفر |
| 942 |
_2ddc _cBK |
||
| 999 |
_c46896 _d46896 |
||